| 000 | 01670nam a2200445Ii 4500 | ||
|---|---|---|---|
| 001 | DIGEDIUOC577 | ||
| 003 | NyNyDIG | ||
| 006 | m o d | ||
| 007 | cr ||||||||||| | ||
| 008 | 220312s2014 sp o 000 0 spa d | ||
| 035 | _a(OCoLC)1319855714 | ||
| 040 |
_aDGITA _beng _erda _epn _cDGITA |
||
| 020 |
_a9788490645444 _qeBook _qpdf |
||
| 020 |
_a9788490645451 _qeBook _qePub |
||
| 020 | _z9788490297629 | ||
| 050 | 1 | 4 | _aHF5415.1255 ebook |
| 082 | 0 | 4 | _a658.827 |
| 100 | 1 |
_aPursals, Carlos, _eauthor. |
|
| 245 | 1 | 3 |
_aLa reputación de marca : _b100 ejemplos de construcción, destrucción y reconstrucción / _cCarlos Pursals. |
| 250 | _aPrimera edición en formato digital. | ||
| 264 | 1 |
_aBarcelona : _bEditorial UOC, _c[2014] |
|
| 300 | _a1 online resource. | ||
| 336 |
_atext _btxt _2rdacontent |
||
| 337 |
_acomputer _bc _2rdamedia |
||
| 338 |
_aonline resource _bcr _2rdacarrier |
||
| 347 |
_atext file _2rdaft |
||
| 347 | _bPDF | ||
| 490 | 1 | _aComunicación | |
| 588 | 0 | _aOnline resource; title from PDF title page (Digitalia, viewed March 12, 2022) | |
| 650 | 0 | _aBranding (Marketing) | |
| 650 | 0 | _aBusiness communication. | |
| 655 | 0 | _aElectronic books. | |
| 791 | 2 |
_aDigitalia (Firm), _edistributor. |
|
| 793 | 0 |
_gDigitalia eBook Collection: _aUniversitat Oberta de Catalunya |
|
| 776 | 0 | 8 |
_iPrint version: _aPursals, Carlos. _tReputación de marca. _bPrimera edición en lengua castellana. _dBarcelona : Editorial UOC, [2013] _z9788490297629 |
| 830 | 0 |
_aManuales (Editorial UOC). _pComunicación. |
|
| 856 | 4 | 0 |
_3Digitalia Hispánica _uhttps://www.digitaliapublishing.com/a/36951/ |
| 910 | _aPremium collection: 2022 | ||
| 942 | _cRAA | ||
| 999 |
_c243227 _d243227 |
||